| 000 | 00387cam a2200157ua 4500 | ||
|---|---|---|---|
| 041 |
_aeng _h |
||
| 082 |
_a621.43 _bRAO/TH |
||
| 100 | _aRao, A C . | ||
| 245 |
_aTheory of internal combustion engines / _cA C Rao. _hTextual Documents |
||
| 250 |
_a1 / _b. |
||
| 260 |
_aAllahabad : _bSaroj Prakashan , _c1987. |
||
| 300 | _a409 ; . | ||
| 504 | _a | ||
| 942 | _cBK | ||
| 999 |
_c5628 _d5628 |
||